Uravnenija s častnymi proizvodnymi dlja naučnych rabotnikov i inženerov

Enregistré dans:
Détails bibliographiques
Auteur principal: Farlow, Stanley J.
Format: Livre
Langue:russe
Publié: Moskva Mir 1985
Tags: Ajouter un tag
Pas de tags, Soyez le premier à ajouter un tag!

MARC

LEADER 00000nam a2200000 4500
001 c105003
005 20240912132547.4
041 0 |a rus 
044 |a RU 
245 1 0 |a Uravnenija s častnymi proizvodnymi dlja naučnych rabotnikov i inženerov  |c Stanley J. Farlow ; [Perevod s anglijskogo A.I. Plisa] 
264 1 |a Moskva  |b Mir  |c 1985 
300 |a 381 s. 
100 1 |a Farlow, Stanley J.